[Event "Grand Manan"]
[Site "Grand Manan CAN"]
[Date "1984.??.??"]
[Round "6"]
[White "Ivanov, Igor V"]
[Black "Van der Wiel, John"]
[Result "1/2-1/2"]
[WhiteElo "2550"]
[BlackElo "2515"]
[PlyCount "56"]
[GameId "2160767739448173"]
[EventDate "1984.09.19"]
[EventType "tourn"]
[EventRounds "10"]
[EventCountry "CAN"]
[SourceTitle "EXT 2010"]
[Source "ChessBase"]
[SourceDate "2009.11.30"]
[SourceVersion "1"]
[SourceVersionDate "2009.11.30"]
[SourceQuality "1"]

1. d4 Nf6 2. c4 g6 3. g3 Bg7 4. Bg2 O-O 5. Nc3 d6 6. Nf3 Nc6 7. O-O a6 8. h3 Rb8 9. a4 Na5 10. b3 c5 11. e4 Qb6 12. e5 dxe5 13. dxe5 Nd7 14. Nd5 Qxb3 15. Qxb3 Nxb3 16. Rb1 Nxc1 17. Nxe7+ Kh8 18. Rfxc1 Nxe5 19. Nxc8 Rfxc8 20. Nxe5 Bxe5 21. Bxb7 Rd8 22. Bxa6 Rxb1 23. Rxb1 Rd2 24. Rb7 f5 25. Bb5 Bd4 26. a5 Rxf2 27. a6 Rf3+ 28. Kg2 Rf2+ {source: bulletin} 1/2-1/2

[Event "Grand Manan"]
[Site "Grand Manan CAN"]
[Date "1984.??.??"]
[Round "7"]
[White "Lein, Anatoly"]
[Black "Ivanov, Igor V"]
[Result "1/2-1/2"]
[WhiteElo "2475"]
[BlackElo "2550"]
[PlyCount "41"]
[GameId "2160767739448176"]
[EventDate "1984.09.19"]
[EventType "tourn"]
[EventRounds "10"]
[EventCountry "CAN"]
[SourceTitle "EXT 2010"]
[Source "ChessBase"]
[SourceDate "2009.11.30"]
[SourceVersion "1"]
[SourceVersionDate "2009.11.30"]
[SourceQuality "1"]

1. d4 Nf6 2. c4 c6 3. Nc3 d5 4. e3 g6 5. Nf3 Bg7 6. Bd3 O-O 7. O-O Bg4 8. h3 Bxf3 9. Qxf3 e6 10. Rd1 Nbd7 11. Bf1 Re8 12. Bd2 dxc4 13. Bxc4 e5 14. Bb3 e4 15. Qe2 Nb6 16. Rac1 Qe7 17. a3 Rad8 18. Ba2 Nfd5 19. b4 a6 20. Nxd5 Nxd5 21. a4 {source: bulletin} 1/2-1/2

[Event "Grand Manan"]
[Site "Grand Manan CAN"]
[Date "1984.??.??"]
[Round "8"]
[White "Ivanov, Igor V"]
[Black "Day, Lawrence"]
[Result "0-1"]
[WhiteElo "2550"]
[BlackElo "2435"]
[PlyCount "118"]
[GameId "2160767912714802"]
[EventDate "1984.09.19"]
[EventType "tourn"]
[EventRounds "10"]
[EventCountry "CAN"]
[SourceTitle "EXT 2010"]
[Source "ChessBase"]
[SourceDate "2009.11.30"]
[SourceVersion "1"]
[SourceVersionDate "2009.11.30"]
[SourceQuality "1"]

1. d4 Nf6 2. c4 d6 3. Nc3 e5 4. Nf3 Nbd7 5. e4 Be7 6. g3 O-O 7. Bg2 c6 8. O-O a6 9. d5 cxd5 10. cxd5 b5 11. Ne1 Nb6 12. Nd3 Bd7 13. b3 a5 14. a4 b4 15. Ne2 Ne8 16. Be3 g6 17. f4 f6 18. Rc1 Ng7 19. Qd2 Qb8 20. Kh1 Qb7 21. fxe5 fxe5 22. Rxf8+ Rxf8 23. Ng1 Rc8 24. Rxc8+ Bxc8 25. Qc2 Bd8 26. Bh3 Bxh3 27. Nxh3 Qc8 28. Qxc8 Nxc8 29. Nb2 Bb6 30. Bg5 Ne8 31. Nc4 Kg7 32. Nxb6 Nxb6 33. Bd8 Nxa4 34. Bxa5 Nc5 35. Nf2 Nxb3 36. Bxb4 Nd4 37. Kg2 Nc2 38. Bc3 Nc7 39. Nd3 Nb5 40. Bd2 Kf6 41. g4 Ncd4 42. g5+ Ke7 43. Nf2 Na3 44. Be3 Nac2 45. Bc1 Nb3 46. Bb2 Ne1+ 47. Kg3 Nc5 48. Bc3 Ned3 49. Nxd3 Nxe4+ 50. Kf3 Nxc3 51. Nb4 Kd7 52. Ke3 Kc7 53. Kd3 Nd1 54. Nc2 Nf2+ 55. Ke2 Nh3 56. Ne3 Nxg5 57. Ng4 Nh3 58. Nf6 h5 59. Ke3 Nf4 0-1

[Event "Grand Manan"]
[Site "Grand Manan CAN"]
[Date "1984.??.??"]
[Round "9"]
[White "Ivanov, Igor V"]
[Black "Seirawan, Yasser"]
[Result "1/2-1/2"]
[WhiteElo "2550"]
[BlackElo "2525"]
[PlyCount "38"]
[GameId "2160767739448179"]
[EventDate "1984.09.19"]
[EventType "tourn"]
[EventRounds "10"]
[EventCountry "CAN"]
[SourceTitle "EXT 2010"]
[Source "ChessBase"]
[SourceDate "2009.11.30"]
[SourceVersion "1"]
[SourceVersionDate "2009.11.30"]
[SourceQuality "1"]

1. d4 Nf6 2. Nf3 e6 3. c4 Bb4+ 4. Bd2 c5 5. e3 O-O 6. Nc3 d5 7. a3 cxd4 8. exd4 Bxc3 9. Bxc3 dxc4 10. Bxc4 b6 11. Ne5 Bb7 12. O-O Nc6 13. Re1 Nd5 14. Bxd5 Qxd5 15. Nxc6 Bxc6 16. Qg4 f5 17. Qh3 Rf6 18. Re5 Qd8 19. Qd3 Bd5 {source: bulletin} 1/2-1/2

[Event "Montreal op"]
[Site "Montreal CAN"]
[Date "1984.09.01"]
[Round "1"]
[White "Desforges, Jean"]
[Black "Ivanov, Igor V"]
[Result "0-1"]
[WhiteElo "1871"]
[BlackElo "2538"]
[PlyCount "54"]
[GameId "2160767912714834"]
[EventDate "1984.09.01"]
[EventType "swiss"]
[EventRounds "6"]
[EventCountry "CAN"]
[SourceTitle "EXT 2022"]
[Source "ChessBase"]
[SourceDate "2021.10.06"]
[SourceVersion "1"]
[SourceVersionDate "2021.10.06"]
[SourceQuality "1"]

1. d4 Nf6 2. c4 g6 3. Nc3 Bg7 4. e4 O-O 5. Be3 d6 6. f3 a6 7. Qd2 Nc6 8. O-O-O e5 9. d5 Nd4 10. Nge2 c5 11. dxc6 bxc6 12. h4 Rb8 13. h5 c5 14. Bh6 Be6 15. Bxg7 Kxg7 16. hxg6 fxg6 17. Nd5 Bxd5 18. exd5 Rf7 19. Ng3 Rfb7 20. Bd3 Rxb2 21. Qg5 e4 22. Nxe4 Rc2+ 23. Bxc2 Ne2+ 24. Kd2 Nxe4+ 25. Bxe4 Qxg5+ 26. Kxe2 Rb2+ 27. Kd3 Qxg2 0-1

[Event "Montreal op"]
[Site "Montreal CAN"]
[Date "1984.09.02"]
[Round "4"]
[White "Ivanov, Igor V"]
[Black "Spraggett, Grant"]
[Result "1-0"]
[WhiteElo "2538"]
[BlackElo "2093"]
[PlyCount "53"]
[GameId "2160767912714844"]
[EventDate "1984.09.01"]
[EventType "swiss"]
[EventRounds "6"]
[EventCountry "CAN"]
[SourceTitle "EXT 2022"]
[Source "ChessBase"]
[SourceDate "2021.10.06"]
[SourceVersion "1"]
[SourceVersionDate "2021.10.06"]
[SourceQuality "1"]

1. d4 d5 2. c4 e6 3. Nf3 Nf6 4. Bg5 Be7 5. e3 O-O 6. Nc3 c6 7. Qc2 Nbd7 8. O-O-O dxc4 9. Bxc4 Nd5 10. h4 Nb4 11. Qe4 Re8 12. g4 Nf8 13. Bxe7 Qxe7 14. h5 b5 15. Be2 Bb7 16. h6 g6 17. g5 Qc7 18. Ne5 Nd5 19. Nxd5 cxd5+ 20. Qc2 Rec8 21. Qxc7 Rxc7+ 22. Kd2 b4 23. Rc1 Rac8 24. Bb5 a6 25. Rxc7 Rxc7 26. Be8 Re7 27. Ba4 1-0

[Event "Montreal op"]
[Site "Montreal CAN"]
[Date "1984.09.03"]
[Round "6"]
[White "Leveille, Francois"]
[Black "Ivanov, Igor V"]
[Result "0-1"]
[WhiteElo "2223"]
[BlackElo "2538"]
[PlyCount "66"]
[GameId "2160767912714850"]
[EventDate "1984.09.01"]
[EventType "swiss"]
[EventRounds "6"]
[EventCountry "CAN"]
[SourceTitle "EXT 2022"]
[Source "ChessBase"]
[SourceDate "2021.10.06"]
[SourceVersion "1"]
[SourceVersionDate "2021.10.06"]
[SourceQuality "1"]

1. d4 Nf6 2. c4 c5 3. d5 b5 4. cxb5 a6 5. bxa6 Bxa6 6. Nc3 g6 7. f4 Bg7 8. Nf3 O-O 9. e4 Bxf1 10. Rxf1 d6 11. Kf2 Na6 12. Kg1 Qb6 13. Nd2 Nb4 14. Nc4 Qa6 15. Qe2 Rfb8 16. Rf3 Nc2 17. Qxc2 Qxc4 18. b3 Rxb3 19. Qxb3 Qxb3 20. axb3 Rxa1 21. Rf1 Ng4 22. Ne2 Rb1 23. h3 Nf6 24. e5 dxe5 25. Be3 Rb2 26. Nc1 Nxd5 27. Bxc5 Nxf4 28. Rd1 Rxg2+ 29. Kf1 Rh2 30. Rd8+ Bf8 31. Bxe7 Rh1+ 32. Kf2 Ne6 33. Rc8 Rxc1 0-1

[Event "Quebec op"]
[Site "Laval CAN"]
[Date "1984.08.06"]
[Round "2"]
[White "Lebrun, Roger"]
[Black "Ivanov, Igor V"]
[Result "0-1"]
[WhiteElo "1954"]
[BlackElo "2527"]
[PlyCount "44"]
[GameId "2160767912714934"]
[EventDate "1984.08.05"]
[EventType "swiss"]
[EventRounds "8"]
[EventCountry "CAN"]
[SourceTitle "EXT 2022"]
[Source "ChessBase"]
[SourceDate "2021.10.06"]
[SourceVersion "1"]
[SourceVersionDate "2021.10.06"]
[SourceQuality "1"]

1. d4 Nf6 2. Nf3 e6 3. c4 c5 4. Nc3 cxd4 5. Nxd4 Bb4 6. Ndb5 d5 7. Bf4 O-O 8. e3 Nc6 9. a3 Bxc3+ 10. Nxc3 h6 11. cxd5 Nxd5 12. Nxd5 exd5 13. Bd3 Qf6 14. Qd2 d4 15. O-O dxe3 16. Qxe3 Qxb2 17. Rab1 Qd4 18. Qg3 Rd8 19. Rfd1 Bf5 20. Bxh6 Qg4 21. Qxg4 Bxg4 22. f3 Rxd3 0-1

[Event "Quebec op"]
[Site "Laval CAN"]
[Date "1984.08.07"]
[Round "3"]
[White "Ivanov, Igor V"]
[Black "Beauchamp, Jean-Pierre"]
[Result "1-0"]
[WhiteElo "2527"]
[BlackElo "2104"]
[PlyCount "61"]
[GameId "2160767912714943"]
[EventDate "1984.08.05"]
[EventType "swiss"]
[EventRounds "8"]
[EventCountry "CAN"]
[SourceTitle "EXT 2022"]
[Source "ChessBase"]
[SourceDate "2021.10.06"]
[SourceVersion "1"]
[SourceVersionDate "2021.10.06"]
[SourceQuality "1"]

1. d4 Nf6 2. c4 c5 3. d5 e6 4. Nc3 exd5 5. cxd5 d6 6. e4 g6 7. f4 Bg7 8. Bb5+ Nfd7 9. a4 O-O 10. Nf3 a6 11. Bd3 Re8 12. O-O Qc7 13. Bc2 b6 14. Kh1 Ra7 15. Ng5 Rf8 16. Qe2 h6 17. Nf3 Re8 18. Be3 Rb7 19. Bd3 Nf6 20. Rae1 c4 21. Bb1 b5 22. e5 Ng4 23. axb5 Nxe3 24. Qxe3 Bd7 25. e6 fxe6 26. Qe4 exd5 27. Qxg6 Qd8 28. Nxd5 Bxb5 29. Nd4 Rf7 30. Rxe8+ Qxe8 31. Ne6 1-0

[Event "Toronto int."]
[Site "Toronto CAN"]
[Date "1984.07.21"]
[Round "1"]
[White "Ivanov, Igor V"]
[Black "Pajak, John"]
[Result "1-0"]
[WhiteElo "2580"]
[BlackElo "2196"]
[PlyCount "71"]
[GameId "2160767912715019"]
[EventDate "1984.07.21"]
[EventType "swiss"]
[EventRounds "10"]
[EventCountry "CAN"]
[SourceTitle "EXT 2022"]
[Source "ChessBase"]
[SourceDate "2021.10.06"]
[SourceVersion "1"]
[SourceVersionDate "2021.10.06"]
[SourceQuality "1"]

1. d4 d5 2. c4 e6 3. Nc3 Nf6 4. Bg5 Be7 5. e3 O-O 6. Nf3 Ne4 7. h4 c5 8. cxd5 Nxc3 9. bxc3 cxd4 10. dxe6 f6 11. Nxd4 fxg5 12. hxg5 Qa5 13. Bd3 g6 14. Rxh7 Qxg5 15. Rxe7 Qxe7 16. Qg4 g5 17. Rb1 Na6 18. Rb5 Nc5 19. Bc4 Kg7 20. Nf5+ Rxf5 21. Qxf5 b6 22. Bd5 Bb7 23. Bxb7 Nxb7 24. Qe4 Re8 25. Rf5 Nd6 26. Qd4+ Kg6 27. Rd5 Nf5 28. Qd3 Qxe6 29. g4 Qe4 30. gxf5+ Kf6 31. Qd4+ Qxd4 32. cxd4 Rc8 33. e4 Rc2 34. Rd6+ Ke7 35. e5 Rxa2 36. f6+ 1-0

[Event "Toronto int."]
[Site "Toronto CAN"]
[Date "1984.07.22"]
[Round "3"]
[White "Ivanov, Igor V"]
[Black "Ivanovic, Bozidar"]
[Result "1/2-1/2"]
[WhiteElo "2580"]
[BlackElo "2525"]
[PlyCount "95"]
[GameId "2160767912715043"]
[EventDate "1984.07.21"]
[EventType "swiss"]
[EventRounds "10"]
[EventCountry "CAN"]
[SourceTitle "EXT 2022"]
[Source "ChessBase"]
[SourceDate "2021.10.06"]
[SourceVersion "1"]
[SourceVersionDate "2021.10.06"]
[SourceQuality "1"]

1. d4 c5 2. d5 e5 3. e4 d6 4. Nc3 Be7 5. Bd3 Bg5 6. Nge2 Bxc1 7. Qxc1 Nf6 8. O-O a6 9. Ng3 O-O 10. a4 Re8 11. f4 Nbd7 12. f5 h6 13. a5 Nf8 14. Qd2 Bd7 15. Nd1 Bb5 16. c4 Bd7 17. Bc2 b5 18. axb6 Qxb6 19. Rf3 Reb8 20. Rfa3 Ra7 21. b3 Bc8 22. Nf2 Qd8 23. Ra5 Rab7 24. Qe3 Rb6 25. Nf1 N6h7 26. Nd2 Qe7 27. g3 Nd7 28. Bd1 Ndf6 29. R5a3 h5 30. Nf3 g6 31. fxg6 fxg6 32. h4 Kg7 33. R1a2 R8b7 34. Ng5 Nxg5 35. Qxg5 Rc7 36. Kg2 Rb8 37. Bf3 Bb7 38. Nd1 Rf8 39. Rf2 Bc8 40. Ne3 Kh7 41. Ra1 Qg7 42. Raf1 Rcf7 43. Nd1 Kg8 44. Qe3 Bg4 45. Qe2 Bxf3+ 46. Rxf3 Ng4 47. Rxf7 Rxf7 48. Rxf7 1/2-1/2

[Event "Toronto int."]
[Site "Toronto CAN"]
[Date "1984.07.24"]
[Round "5"]
[White "Ivanov, Igor V"]
[Black "Findlay, Ian"]
[Result "1-0"]
[WhiteElo "2580"]
[BlackElo "2347"]
[PlyCount "63"]
[GameId "2160767912715068"]
[EventDate "1984.07.21"]
[EventType "swiss"]
[EventRounds "10"]
[EventCountry "CAN"]
[SourceTitle "EXT 2022"]
[Source "ChessBase"]
[SourceDate "2021.10.06"]
[SourceVersion "1"]
[SourceVersionDate "2021.10.06"]
[SourceQuality "1"]

1. d4 Nf6 2. c4 c5 3. d5 e6 4. Nc3 exd5 5. cxd5 d6 6. e4 g6 7. f4 Bg7 8. Bb5+ Nfd7 9. a4 a6 10. Bd3 Qc7 11. Nf3 c4 12. Bc2 O-O 13. O-O Nc5 14. Be3 Nbd7 15. Bd4 Nf6 16. e5 Nh5 17. exd6 Qxd6 18. Ne5 Nd3 19. Bxd3 cxd3 20. Qxd3 Nxf4 21. Rxf4 Bxe5 22. Bxe5 Qxe5 23. Qd2 f5 24. Rb4 a5 25. Rb5 Ra6 26. Re1 Qf6 27. Qf4 g5 28. Qc4 Kh8 29. Rc5 Bd7 30. Rc7 Rd6 31. Rxb7 Rc8 32. Rxd7 1-0

[Event "Toronto int."]
[Site "Toronto CAN"]
[Date "1984.07.25"]
[Round "6"]
[White "Gruenfeld, Yehuda"]
[Black "Ivanov, Igor V"]
[Result "1/2-1/2"]
[WhiteElo "2466"]
[BlackElo "2580"]
[PlyCount "101"]
[GameId "2160767912780619"]
[EventDate "1984.07.21"]
[EventType "swiss"]
[EventRounds "10"]
[EventCountry "CAN"]
[SourceTitle "EXT 2022"]
[Source "ChessBase"]
[SourceDate "2021.10.06"]
[SourceVersion "1"]
[SourceVersionDate "2021.10.06"]
[SourceQuality "1"]

1. e4 c5 2. Nf3 d6 3. d4 cxd4 4. Nxd4 Nf6 5. Nc3 Nc6 6. Bg5 Qb6 7. Nb3 e6 8. Bd3 Be7 9. O-O a6 10. a4 Na5 11. Be3 Qc7 12. Nxa5 Qxa5 13. h3 Bd7 14. f4 Rc8 15. Qd2 Bc6 16. f5 e5 17. b4 Qc7 18. b5 Bd7 19. bxa6 bxa6 20. Nd5 Nxd5 21. exd5 a5 22. Bb5 O-O 23. c4 Bf6 24. Rac1 h6 25. g4 e4 26. Kg2 Rfe8 27. h4 Bxh4 28. Bxh6 Bxb5 29. cxb5 Qe7 30. Rxc8 Rxc8 31. Bf4 Rc4 32. Rb1 e3 33. Qxe3 Re4 34. Qf3 Re2+ 35. Kh3 Be1 36. g5 Rf2 37. Qe3 Qxe3+ 38. Bxe3 Rf3+ 39. Kg4 Rxe3 40. b6 Re8 41. b7 Bb4 42. Rc1 Bc5 43. Re1 Rd8 44. Re7 Kf8 45. Rc7 Ba7 46. g6 fxg6 47. fxg6 Bb8 48. Rf7+ Kg8 49. Re7 Kf8 50. Rf7+ Kg8 51. Re7 1/2-1/2

[Event "Toronto int."]
[Site "Toronto CAN"]
[Date "1984.07.26"]
[Round "7"]
[White "Ivanov, Igor V"]
[Black "Nickoloff, Bryon"]
[Result "1-0"]
[WhiteElo "2580"]
[BlackElo "2420"]
[PlyCount "64"]
[GameId "2160767912780634"]
[EventDate "1984.07.21"]
[EventType "swiss"]
[EventRounds "10"]
[EventCountry "CAN"]
[SourceTitle "EXT 2022"]
[Source "ChessBase"]
[SourceDate "2021.10.06"]
[SourceVersion "1"]
[SourceVersionDate "2021.10.06"]
[SourceQuality "1"]

1. d4 Nf6 2. c4 e6 3. Nf3 b6 4. Nc3 Bb7 5. a3 d5 6. cxd5 exd5 7. g3 Be7 8. Qa4+ c6 9. Bg2 O-O 10. O-O Nbd7 11. Bf4 Nh5 12. Bd2 Re8 13. Rad1 Nhf6 14. Bf4 Nh5 15. Bc1 Nhf6 16. Rfe1 Bd6 17. Nh4 g6 18. Nf3 Ne4 19. Nxe4 dxe4 20. Ne5 Qc7 21. Nxd7 Qxd7 22. Bh6 Qf5 23. h4 e3 24. f4 Re6 25. Kh2 g5 26. Bxg5 h6 27. d5 cxd5 28. Bh3 Qh7 29. Qd7 Bc8 30. Qc6 hxg5 31. Qxa8 Re8 32. Qc6 Qe4 1-0

[Event "Toronto int."]
[Site "Toronto CAN"]
[Date "1984.07.27"]
[Round "8"]
[White "Wilder, Michael"]
[Black "Ivanov, Igor V"]
[Result "0-1"]
[WhiteElo "2535"]
[BlackElo "2580"]
[PlyCount "80"]
[GameId "2160767912780654"]
[EventDate "1984.07.21"]
[EventType "swiss"]
[EventRounds "10"]
[EventCountry "CAN"]
[SourceTitle "EXT 2022"]
[Source "ChessBase"]
[SourceDate "2021.10.06"]
[SourceVersion "1"]
[SourceVersionDate "2021.10.06"]
[SourceQuality "1"]

1. d4 Nf6 2. c4 e6 3. Nf3 b6 4. a3 c5 5. d5 exd5 6. cxd5 d6 7. Nc3 Be7 8. g3 O-O 9. Bg2 Re8 10. O-O Bg4 11. Qc2 Bf8 12. Nh4 Na6 13. e4 c4 14. Nb5 Bd7 15. Nd4 Rc8 16. Nc6 Bxc6 17. dxc6 Nc5 18. Qxc4 Ncxe4 19. Be3 d5 20. Qa4 Bc5 21. Nf5 g6 22. b4 Bxe3 23. Nxe3 Nc3 24. Qxa7 Rxc6 25. Qa6 Rc8 26. Qd3 d4 27. Nd1 Ne2+ 28. Kh1 Nc1 29. Qf3 Ne4 30. Qf4 Ne2 31. Qh6 Rc2 32. a4 Nd2 33. a5 bxa5 34. bxa5 Nxf1 35. a6 Nfxg3+ 36. hxg3 Nxg3+ 37. Kh2 Nh5 38. Bh3 Qc7+ 39. Kg1 Re1+ 40. Bf1 Rxf2 0-1

[Event "Toronto int."]
[Site "Toronto CAN"]
[Date "1984.07.28"]
[Round "9"]
[White "Spraggett, Kevin"]
[Black "Ivanov, Igor V"]
[Result "0-1"]
[WhiteElo "2597"]
[BlackElo "2580"]
[PlyCount "86"]
[GameId "2160767912780671"]
[EventDate "1984.07.21"]
[EventType "swiss"]
[EventRounds "10"]
[EventCountry "CAN"]
[SourceTitle "EXT 2022"]
[Source "ChessBase"]
[SourceDate "2021.10.06"]
[SourceVersion "1"]
[SourceVersionDate "2021.10.06"]
[SourceQuality "1"]

1. c4 c5 2. b3 Nf6 3. Bb2 e6 4. Nf3 Nc6 5. e3 Be7 6. Be2 O-O 7. O-O b6 8. Nc3 Bb7 9. Rc1 d5 10. cxd5 Nxd5 11. Qc2 Rc8 12. Ne4 f5 13. Ng3 Bf6 14. Nh5 Bxb2 15. Qxb2 Qe7 16. Bc4 Na5 17. Ne5 Nxc4 18. bxc4 Nf6 19. Nf4 g5 20. Ne2 Qg7 21. d4 Ng4 22. Nxg4 fxg4 23. Ng3 h5 24. Rfd1 h4 25. Nf1 h3 26. gxh3 Qf6 27. hxg4 cxd4 28. f4 gxf4 29. exd4 Bf3 30. Rd2 Qh4 31. Rc3 Qxg4+ 32. Kf2 Bb7 33. Ke1 Rcd8 34. d5 f3 35. Re3 exd5 36. cxd5 Rde8 37. Qb3 Ba6 38. Ng3 Bc4 39. Qc3 b5 40. Kf2 Qh4 41. Rxe8 Qxh2+ 42. Ke3 Qg1+ 43. Ke4 Qe1+ 0-1

[Event "Toronto int."]
[Site "Toronto CAN"]
[Date "1984.07.29"]
[Round "10"]
[White "Ivanov, Igor V"]
[Black "Farago, Ivan"]
[Result "1/2-1/2"]
[WhiteElo "2580"]
[BlackElo "2525"]
[PlyCount "26"]
[GameId "2160767912780675"]
[EventDate "1984.07.21"]
[EventType "swiss"]
[EventRounds "10"]
[EventCountry "CAN"]
[SourceTitle "EXT 2022"]
[Source "ChessBase"]
[SourceDate "2021.10.06"]
[SourceVersion "1"]
[SourceVersionDate "2021.10.06"]
[SourceQuality "1"]

1. d4 Nf6 2. c4 e6 3. Nc3 Bb4 4. Bd2 d5 5. e3 O-O 6. a3 Be7 7. Nf3 c5 8. dxc5 Bxc5 9. cxd5 exd5 10. Be2 Nc6 11. O-O d4 12. exd4 Nxd4 13. Nxd4 Bxd4 1/2-1/2

[Event "CAN-op"]
[Site "Ottawa CAN"]
[Date "1984.07.13"]
[Round "8"]
[White "Paltiniseanu, Liviu"]
[Black "Ivanov, Igor V"]
[Result "0-1"]
[WhiteElo "2065"]
[BlackElo "2548"]
[PlyCount "108"]
[GameId "2160767912780729"]
[EventDate "1984.07.07"]
[EventType "swiss"]
[EventRounds "10"]
[EventCountry "CAN"]
[SourceTitle "CFC 1985.04"]

1. Nf3 Nf6 2. b3 d6 3. d4 g6 4. Bb2 Bg7 5. Nbd2 Bf5 6. Nh4 Bd7 7. g3 Bc6 8. Bg2 Bxg2 9. Nxg2 d5 10. e3 Nc6 11. Nf4 h5 12. h3 a5 13. a3 a4 14. b4 Qd7 15. Nd3 Qf5 16. Qf3 Ne4 17. Qxf5 gxf5 18. Nf4 e6 19. Nxe4 fxe4 20. Ke2 Kd7 21. g4 hxg4 22. hxg4 Rxh1 23. Rxh1 Rh8 24. Rxh8 Bxh8 25. c3 Ne7 26. f3 e5 27. dxe5 Bxe5 28. Nh3 Nc8 29. f4 Bg7 30. Nf2 Nd6 31. Nd1 Nc4 32. Bc1 Bf6 33. Nb2 Nxb2 34. Bxb2 Kd6 35. Kd2 b6 36. Kc2 Kc6 37. c4 Be7 38. cxd5+ Kxd5 39. g5 c5 40. bxc5 Bxc5 41. Kd2 Ke6 42. Bc1 b5 43. Kc3 Kd5 44. Kb2 Kc4 45. Kc2 Ba7 46. Kd2 Kb3 47. f5 Bc5 48. g6 fxg6 49. fxg6 Bf8 50. Ke2 Bg7 51. Kd2 b4 52. axb4 Kxb4 53. Kc2 a3 54. Kb1 Kb3 0-1

[Event "Quebec op"]
[Site "Montreal CAN"]
[Date "1983.07.28"]
[Round "5"]
[White "Ivanov, Igor V"]
[Black "Ivkov, Borislav"]
[Result "1-0"]
[WhiteElo "2552"]
[BlackElo "2465"]
[PlyCount "73"]
[GameId "2160767912810284"]
[EventDate "1983.07.24"]
[EventType "swiss"]
[EventRounds "8"]
[EventCountry "CAN"]
[SourceTitle "EXT 2022"]
[Source "ChessBase"]
[SourceDate "2021.10.06"]
[SourceVersion "1"]
[SourceVersionDate "2021.10.06"]
[SourceQuality "1"]

1. d4 Nf6 2. c4 e6 3. Nf3 Bb4+ 4. Bd2 a5 5. Nc3 d5 6. e3 O-O 7. a3 Bxc3 8. Bxc3 b6 9. Bd3 Bb7 10. O-O Nbd7 11. Rc1 Ne4 12. Qe2 Qe7 13. Rfd1 Rfd8 14. Be1 c5 15. cxd5 Bxd5 16. Bc4 Bb7 17. dxc5 Ndxc5 18. Rxd8+ Rxd8 19. b4 axb4 20. axb4 Nd7 21. Qb2 Ng5 22. Nd4 Qf6 23. Bf1 Ne5 24. Kh1 Nef3 25. Bc3 e5 26. Nxf3 Nxf3 27. Be2 Nh4 28. f3 Qg5 29. Bf1 Qxe3 30. Re1 Qh6 31. Bxe5 Qg6 32. Qf2 Nf5 33. Bc7 Rc8 34. Qxb6 Bc6 35. b5 Bxb5 36. Qxb5 h5 37. Qd7 1-0

[Event "Quebec op"]
[Site "Montreal CAN"]
[Date "1983.07.30"]
[Round "7"]
[White "Ivanov, Igor V"]
[Black "Constantineau, Yvan"]
[Result "1/2-1/2"]
[WhiteElo "2530"]
[BlackElo "1979"]
[PlyCount "50"]
[GameId "2160767912810297"]
[EventDate "1983.07.24"]
[EventType "swiss"]
[EventRounds "8"]
[EventCountry "CAN"]
[SourceTitle "EXT 2002"]
[Source "ChessBase"]
[SourceDate "2001.11.25"]
[SourceVersion "1"]
[SourceVersionDate "2001.11.25"]
[SourceQuality "1"]

1. Nf3 d5 2. c4 d4 3. b4 g6 4. Bb2 Bg7 5. e3 e5 6. exd4 exd4 7. g3 a5 8. b5 c5 9. bxc6 Nxc6 10. Bg2 Nge7 11. d3 O-O 12. O-O Bf5 13. Nh4 Be6 14. Nd2 Nf5 15. Nhf3 Rb8 16. a4 Re8 17. Nb3 Qb6 18. Bc1 Ne3 19. fxe3 dxe3 20. Kh1 Bxc4 21. Bxe3 Rxe3 22. dxc4 Rxb3 23. Rb1 Rxb1 24. Qxb1 Qxb1 25. Rxb1 Nb4 1/2-1/2

[Event "Printanier/Spring op"]
[Site "Montreal CAN"]
[Date "1983.05.21"]
[Round "2"]
[White "Quance, Robert"]
[Black "Ivanov, Igor V"]
[Result "0-1"]
[WhiteElo "1950"]
[BlackElo "2501"]
[PlyCount "40"]
[GameId "2160767912810634"]
[EventDate "1983.05.21"]
[EventType "swiss"]
[EventRounds "6"]
[EventCountry "CAN"]
[SourceTitle "EXT 2022"]
[Source "ChessBase"]
[SourceDate "2021.10.06"]
[SourceVersion "1"]
[SourceVersionDate "2021.10.06"]
[SourceQuality "1"]

1. d4 Nf6 2. c4 g6 3. Nc3 Bg7 4. e4 O-O 5. f4 d6 6. Nf3 c5 7. d5 e6 8. Be2 exd5 9. e5 dxe5 10. fxe5 Ng4 11. cxd5 Nxe5 12. O-O Nbd7 13. Bf4 Qb6 14. Qd2 Nxf3+ 15. Bxf3 Ne5 16. Be2 Bf5 17. Bh6 Bxh6 18. Qxh6 Qxb2 19. Qe3 Bd3 20. Rab1 Qxc3 0-1

[Event "Printanier/Spring op"]
[Site "Montreal CAN"]
[Date "1983.05.22"]
[Round "3"]
[White "Ivanov, Igor V"]
[Black "Rousseau, Daniel"]
[Result "1-0"]
[WhiteElo "2550"]
[BlackElo "2118"]
[PlyCount "79"]
[GameId "2160767912810636"]
[EventDate "1983.05.21"]
[EventType "swiss"]
[EventRounds "6"]
[EventCountry "CAN"]
[SourceTitle "EXT 2022"]
[Source "ChessBase"]
[SourceDate "2021.10.06"]
[SourceVersion "1"]
[SourceVersionDate "2021.10.06"]
[SourceQuality "1"]

1. Nf3 Nf6 2. c4 c5 3. g3 g6 4. Bg2 Bg7 5. d4 cxd4 6. Nxd4 O-O 7. Nc3 Nc6 8. O-O Nxd4 9. Qxd4 d6 10. Qd3 Bf5 11. e4 Be6 12. b3 Nd7 13. Be3 Qa5 14. Rac1 Rac8 15. f4 a6 16. f5 Ne5 17. Qd2 Bxc4 18. Nd5 Qxd2 19. Nxe7+ Kh8 20. Bxd2 Bxf1 21. Rxc8 Rxc8 22. Nxc8 Be2 23. Nxd6 b5 24. Bf4 Kg8 25. Ne8 f6 26. Kf2 Bd3 27. Bxe5 fxe5 28. Nxg7 Kxg7 29. Ke3 Bb1 30. a3 gxf5 31. b4 Kf6 32. exf5 Bxf5 33. Be4 h6 34. Bxf5 Kxf5 35. h3 h5 36. g4+ hxg4 37. hxg4+ Kxg4 38. Ke4 Kg5 39. Kxe5 Kg6 40. Kd6 1-0

[Event "Tournoi de l'Est 4"]
[Site "Montreal CAN"]
[Date "1983.05.14"]
[Round "3"]
[White "Ivanov, Igor V"]
[Black "Williams, Leo"]
[Result "1-0"]
[WhiteElo "2543"]
[BlackElo "2173"]
[PlyCount "69"]
[GameId "2160767912810655"]
[EventDate "1983.05.13"]
[EventType "swiss"]
[EventRounds "5"]
[EventCountry "CAN"]
[SourceTitle "EXT 2022"]
[Source "ChessBase"]
[SourceDate "2021.10.06"]
[SourceVersion "1"]
[SourceVersionDate "2021.10.06"]
[SourceQuality "1"]

1. Nf3 Nf6 2. c4 g6 3. g3 Bg7 4. Bg2 O-O 5. d4 c5 6. O-O cxd4 7. Nxd4 Nc6 8. Nc2 d6 9. Nc3 Be6 10. b3 Qd7 11. Bb2 Bh3 12. f3 Bxg2 13. Kxg2 e6 14. e4 Rfd8 15. Ne3 b6 16. Qe2 Qb7 17. Rad1 Rd7 18. Rd2 Rad8 19. Rfd1 a6 20. Ba1 h5 21. h4 Ne5 22. a4 Bh6 23. Bb2 b5 24. axb5 axb5 25. cxb5 Qb6 26. Rd4 Bg7 27. Nc4 Nxc4 28. bxc4 Ra8 29. R4d2 Ne8 30. Rb1 Rc7 31. Nd1 Ra4 32. Bxg7 Kxg7 33. e5 dxe5 34. Qxe5+ f6 35. Qe3 1-0